• 首页
  • 本馆介绍
  • 公告通知
  • 最新文献
  • 馆藏检索
  • 电子资源
  • 读者导购
  • 参考咨询
  • 我的图书馆
  • 登录
  • 详细信息显示
  • 放入我的书架
  • 预约/预借图书
  • 作者相关作品
  • 分类相关作品
  • 丛书相关作品
  • 出版社相关作品

书目信息

  • 表格格式
  • 工作单格式
  • 卡片格式
题名:
五经全鉴
    
 
作者: 姬昌 著 ;芳园 主编
分册:  
出版信息: 天津   天津人民出版社  2015
页数: 424页
开本: 25cm
丛书名:
单 册:
中图分类: Z126.1-49 , Z126.1
科图分类:
主题词: 五经--通俗读物 , 儒家
电子资源:
ISBN: 978-7-201-09144-0
000 00835nam0 2200253 450
001 2369039803
005 20231209202735.76
010    @a978-7-201-09144-0@dCNY89.00
100    @a20150712d2015 em y0chiy50 ea
101 0  @achi
102    @aCN@b120000
105    @aa z 000yy
200 1  @a五经全鉴@Awu jing quan jian@f(西周)姬昌等著@g芳园主编
210    @a天津@c天津人民出版社@d2015
215    @a424页@c图@d25cm
330    @a本书是《易经》、《尚书》、《诗经》、《礼记》和《春秋》这五本书的合集,增加了注音、注释、译文等辅助性项目,为读者扫除了字、词、句等阅读障碍。
606 0  @a五经@j通俗读物
606 0  @a儒家
690    @aZ126.1-49@v5
690    @aZ126.1@v4
701  0 @c(商)@a姬昌@Aji chang@4著
702  0 @a芳园@Afang yuan@4主编
801  0 @aCN@b大连网信软件有限公司图书馆·11@c20231016
905    @aZUCC@dZ126.1@e14
    
    五经全鉴/(西周)姬昌等著/芳园主编.-天津:天津人民出版社,2015
    424页:图;25cm
    
    
    ISBN 978-7-201-09144-0:CNY89.00
    本书是《易经》、《尚书》、《诗经》、《礼记》和《春秋》这五本书的合集,增加了注音、注释、译文等辅助性项目,为读者扫除了字、词、句等阅读障碍。
●
相关链接 在五车中查询图书 在当当中查询图书 在豆瓣中查询图书


正题名:五经全鉴     索取号:Z126.1/14         预约/预借

序号 登录号 条形码 馆藏地/架位号 状态 备注
1 2001026601   2001026601   315书库/四027架B面1层5列/ [索取号:Z126.1/14] 在馆    
2 2001026602   2001026602   315书库/四027架B面1层5列/ [索取号:Z126.1/14] 在馆    
3 2001026603   2001026603   315书库/四027架B面1层5列/ [索取号:Z126.1/14] 在馆    
4 2001026604   2001026604   315书库/四027架B面1层5列/ [索取号:Z126.1/14] 在馆    
5 2001026605   2001026605   315书库/四027架B面1层5列/ [索取号:Z126.1/14] 在馆    
6 2001026606   2001026606   315书库/四027架B面1层5列/ [索取号:Z126.1/14] 在馆    
山东省滨州职业学院图书馆 欢迎您!
大连网信软件有限公司© 版权所有